The development dilemma: (Record no. 157609)

MARC details
000 -LEADER
fixed length control field 00816nam a22002297a 4500
005 - DATE AND TIME OF LATEST TRANSACTION
control field 20180920162219.0
010 ## - LCCN (DPL NO)
LC control number ENG-124015
020 ## - INTERNATIONAL STANDARD BOOK NUMBER
International Standard Book Number 9788189762568
Terms of availability 300.00
035 ## - SYSTEM CONTROL NUMBER
System control number EN-107547
037 ## - SOURCE OF ACQUISITION
Source of stock number/acquisition DBAD/PUB
082 ## - DEWEY DECIMAL CLASSIFICATION NUMBER
Classification number 338.95458
100 ## - MAIN ENTRY--PERSONAL NAME
Personal name Fernandes, Walter
245 ## - TITLE STATEMENT
Title The development dilemma:
Statement of responsibility, etc by Walter Fernandes; Veronica Pala; Gita Bharali [and] Bitopi Dutta
Remainder of title displacement in meghalaya 1947-2010 /
260 ## - PUBLICATION, DISTRIBUTION, ETC. (IMPRINT)
Place of publication, distribution, etc Guwahati
Date of publication, distribution, etc 2016
Name of publisher, distributor, etc North Eastern Social Research Centre
270 ## - ADDRESS
City Guwahati
Address Jagriti 2nd Floor, Arunadai Path, GMC Road, Christian Basti
Postal code 781005
300 ## - PHYSICAL DESCRIPTION
Extent 396p.
Dimensions 21(pbk.)
Other physical details ill.
490 ## - SERIES STATEMENT
Series statement NESRC Displacement Series No. 3
700 ## - ADDED ENTRY--PERSONAL NAME
Personal name Pala,Veronica
700 ## - ADDED ENTRY--PERSONAL NAME
Personal name Bharali, Gita
700 ## - ADDED ENTRY--PERSONAL NAME
Personal name Dutta, Bitopi
942 ## - ADDED ENTRY ELEMENTS (KOHA)
Source of classification or shelving scheme Dewey Decimal Classification
Item type English Books
Classification part 338.95458
Call number suffix FER
Holdings
Withdrawn status Lost status Not for loan Collection code Home library Current library Date acquired Source of acquisition Cost, normal purchase price Full call number Barcode Copy number Cost, replacement price Koha item type
    Not For Loan Non-fiction D.B.Act.Division Sarojini Nagar 20/09/2018 DBAD/PUB 300.00 338.95458 FER EN-107547 1 300.00 English Books

© Delhi Public Library
Hit Counter
free hit counter